01503nam a22003374a 4500001001200000003000800012006001900020007001500039008004100054010001700095020002800112040002100140035002100161050002600182082002200208100003300230245013900263260005800402300001600460490004800476504006600524533015200590600007100742600008100813650004400894655002900938710001700967830003800984856012601022999001701148ebr10040388CaPaEBRm u cr cn|||||||||010321s2001 cau sb 001 0 eng  z 2001020911 z0804740747 (alk. paper) aCaPaEBRcCaPaEBR a(OCoLC)61473473114aBM645.P64bL67 2001eb04a296.3/82/09022211 aLorberbaum, Menachem,d1958-10aPolitics and the limits of lawh[electronic resource] :bsecularizing the political in medieval Jewish thought /cMenachem Lorberbaum. aStanford, Calif. :bStanford University Press,c2001. axii, 216 p.1 aContraversions : Jews and other differences aIncludes bibliographical references (p. 163-208) and indexes. aElectronic reproduction.bPalo Alto, Calif. :cebrary,d2013.nAvailable via World Wide Web.nAccess may be limited to ebrary affiliated libraries.10aMaimonides, Moses,d1135-1204xContributions in political science.00aNissim ben Reuben Gerondi,d1310?-1375?xContributions in political science. 0aJudaism and politicsxHistoryyTo 1500. 7aElectronic books.2local2 aebrary, Inc. 0aContraversions (Stanford, Calif.)40uhttp://site.ebrary.com/lib/rucke/Doc?id=10040388zAn electronic book accessible through the World Wide Web; click to view c60504d60504